<?xml version="1.0" encoding="UTF-8"?>
<record
    xmlns:xsi="http://www.w3.org/2001/XMLSchema-instance"
    xsi:schemaLocation="http://www.loc.gov/MARC21/slim http://www.loc.gov/standards/marcxml/schema/MARC21slim.xsd"
    xmlns="http://www.loc.gov/MARC21/slim">

  <leader>01701nam a22001577a 4500</leader>
  <controlfield tag="005">20230807140136.0</controlfield>
  <controlfield tag="008">230807b           ||||| |||| 00| 0 eng d</controlfield>
  <datafield tag="020" ind1=" " ind2=" ">
    <subfield code="a">0406176078</subfield>
  </datafield>
  <datafield tag="050" ind1=" " ind2=" ">
    <subfield code="a">KD4106.D46</subfield>
  </datafield>
  <datafield tag="245" ind1=" " ind2=" ">
    <subfield code="a">The due process of law /</subfield>
    <subfield code="c">Lord Denning.</subfield>
  </datafield>
  <datafield tag="260" ind1=" " ind2=" ">
    <subfield code="a">London :</subfield>
    <subfield code="b">Butterworth,</subfield>
    <subfield code="c">1980.</subfield>
  </datafield>
  <datafield tag="300" ind1=" " ind2=" ">
    <subfield code="a">xviii, 263 p. :</subfield>
    <subfield code="c">22 cm.</subfield>
  </datafield>
  <datafield tag="500" ind1=" " ind2=" ">
    <subfield code="a">Includes index.</subfield>
  </datafield>
  <datafield tag="505" ind1=" " ind2=" ">
    <subfield code="a">Contents: Part One; Keeping the streams of justice clear and pure: Introduction: In the face of the Court -- The victimisation of witnesses -- Refusing to answer questions -- Scandalising the Court -- Disobedience to an order of the Court -- Prejudicing a fair trial -- Conclusion -- Part Two: Inquiries into conduct: Introduction: Into the conduct of judges -- Into the conduct of ministers -- Into the conduct of directors -- Into the conduct of gaming clubs -- Into the conduct of aliens -- Into the conduct of lawyers -- Part Three: Arrest and search: Introduction: Making an arrest -- Making a search -- New procedures -- Part Four: The Mareva Injunction: Introduction: We introduce the process -- We are reversed -- Part Five: Entrances and exits: Introduction: The common law about aliens -- Commonwealth citizens -- Exits -- Part Six: Ventures into family law: How I learned the trade -- The story of emancipation -- Part Seven: The deserted wife's equity: Introduction: Invoking Section 17 of the 1882 Act -- Invoking the aid of equity -- The Lords  triumphant -- Lady Summerskill take charge -- Part Eight: The wife's share in the home: The judges introduce it -- The wide principle of fairness -- The trust concept -- Where there is no financial contribution -- Conclusion -- Epilogue.</subfield>
  </datafield>
  <datafield tag="942" ind1=" " ind2=" ">
    <subfield code="2">lcc</subfield>
    <subfield code="c">BK</subfield>
  </datafield>
  <datafield tag="999" ind1=" " ind2=" ">
    <subfield code="c">9974</subfield>
    <subfield code="d">17474</subfield>
  </datafield>
  <datafield tag="952" ind1=" " ind2=" ">
    <subfield code="0">0</subfield>
    <subfield code="1">0</subfield>
    <subfield code="2">lcc</subfield>
    <subfield code="4">0</subfield>
    <subfield code="7">0</subfield>
    <subfield code="a">WIUC-1</subfield>
    <subfield code="b">WIUC-1</subfield>
    <subfield code="c">LL</subfield>
    <subfield code="d">2023-08-07</subfield>
    <subfield code="l">0</subfield>
    <subfield code="o">KD4106.D46</subfield>
    <subfield code="p">3153/313/23</subfield>
    <subfield code="r">2023-08-07 00:00:00</subfield>
    <subfield code="t">1</subfield>
    <subfield code="w">2023-08-07</subfield>
    <subfield code="y">BK</subfield>
  </datafield>
</record>
